Najlepsze kraje w skokach narciarskich - Statystyki

Ogólne statystyki
  • Ten quiz został rozwiązany 58 razy
  • Średni wynik to 9 z 10
Statystyki odpowiedzi
Miejsce Państwo Punkty % Poprawnych
1. Austria 1842
100%
4. Niemcy 1214
100%
5. Norwegia 733
100%
2. Słowenia 1743
98%
3. Japonia 1626
96%
6. Polska 585
96%
9. Finlandia 196
94%
10. Szwajcaria 152
90%
7. Francja 224
82%
8. Bułgaria 213
57%
Nie znaleziono quizów pasujących do podanych kryteriów
Rozkład punktacji
Procent ludzi z każdym wynikiem
Percentyl według liczby udzielonych odpowiedzi
Twoja historia wyników
Nie rozwiązałeś tego quizu